| 000 | 00728nam a2200169 a 4500 | ||
|---|---|---|---|
| 001 | 000013411 | ||
| 005 | 20200929163225.0 | ||
| 008 | 091124s1976 dr c 000 0 spa d | ||
| 040 |
_aDO-SdBNP _bspa _cBNPHU |
||
| 082 |
_axxx _bD611 |
||
| 100 | 1 |
_aJiménez, Ramón Emilio _918265 |
|
| 245 | 1 | 0 |
_aDiscurso / _cRamón Emilio Jiménez. |
| 260 |
_aSanto Domingo : _bSecretaría de Estado de Relaciones Exteriores, _c1976. |
||
| 300 |
_a26 p. : _bbretrs. ; _c23 cm. |
||
| 500 | _aDiscurso pronunciado por el Secretarío de Estado de Relaciones Exteriores, comodoro Ramón Emilio Jiménez hijo ante el XXXI periodo ordinario de sesiones de la Asamblea General de las Naciones Unidas, New York, 29 de Septiembre de 1976. | ||
| 049 | _aBNPD | ||
| 999 |
_c13037 _d13037 |
||